|
|
|
|
| LEADER |
01142nam a2200253 a 4500 |
| 001 |
GR-MES14298 |
| 008 |
080410s gr 000 0 gre d |
| 020 |
|
|
|a 9602366257
|
| 040 |
|
|
|a GrPaTEI
|b gre
|c GR-PaULI
|
| 040 |
|
|
|a GrPaTEI
|b gre
|c GR-PaULI
|
| 082 |
|
0 |
|a 305.4
|
| 100 |
1 |
|
|a Lang, Jack
|
| 245 |
1 |
0 |
|a Αύριο, οι γυναίκες /
|c Ζακ Λάνγκ ; μετάφραση από τα γαλλικά Βασιλική Κοκκίνου.
|
| 260 |
|
|
|a Αθήνα :
|b Νέα Σύνορα-Α.Α. Λιβάνη,
|c 1996
|
| 300 |
|
|
|a 221σ. :
|b εικ. ;
|c 21εκ.
|
| 490 |
0 |
|
|a Γυναικεία Θέματα
|
| 500 |
|
|
|a Τίτλος πρωτοτύπου:Demain,les femmes.
|
| 650 |
|
4 |
|a Γυναίκες
|x Κοινωνικές συνθήκες
|
| 653 |
|
|
|a Γυναίκα--Δικαιώματα
|
| 700 |
1 |
|
|a Κοκκίνου, Βασιλική
|
| 942 |
|
|
|2 ddc
|
| 952 |
|
|
|0 0
|1 0
|2 ddc
|4 0
|6 305_400000000000000_LAN
|7 0
|9 272413
|a MSLG
|b MSLG
|c BSC
|d 2021-01-17
|e 24
|f 0
|g 0.00
|l 0
|o 305.4 LAN
|p 2420000008782
|r 2021-01-17 00:00:00
|t 1
|w 2021-01-17
|y BK15
|x 20080410 0 ΜΑΤΣΙΩΡΗ 1
|x GrPaTEI
|
| 971 |
|
|
|a .b25803475
|b 01-10-20
|c 13-09-16
|
| 999 |
|
|
|c 157533
|d 157533
|